00647nam a2200193 a 450000100060000000300080000600500170001400800410003103500140007204000320008604100080011808200230012624501060014926000540025530000200030950400270032965000600035670000370041677448BD-RjUL20211209082954.0200917s19561952nyu b 000 0 eng  a(BD-RjUL) aDLCcDLCdDLCdBD-RjULbeng aeng00a822.1082bANT 195603aAn anthology of English drama before Shakespeare /cedited with an introduction by Robert B. Heilman. aNew York :bRinehart & Co.,c1952 [printing 1956] a405 p.;c19 cm. aIncludes bibliography. 0aEnglish dramayEarly modern and Elizabethan, 1500-1600. aHeilman, Robert Bechtold,d1906-